| 000 | 00981nam a2200193 4500 | ||
|---|---|---|---|
| 999 |
_c63836 _d63836 |
||
| 003 | Ge_BSU | ||
| 005 | 20260130181421.0 | ||
| 008 | 260130s2009 ge ||||| |||| 00| 0 geo d | ||
| 020 | _a9789941014383 | ||
| 041 | _ageo | ||
| 080 | _a338(479.22) : 351.82(479.22) ე-49 | ||
| 245 | _aეკონომიკის მარეგულირებელი ინსტიტუტების განვითარება საქართველოში = Development of economic regulatory institutes in Georgia. | ||
| 264 |
_aთბ. : _b [Friedrich Ebert Stiftung], _c2009. |
||
| 300 |
_a92გვ. : _bდიაგრ. ; _c28სმ. |
||
| 653 | _aსაქართველოს ეკონომიკა | ||
| 653 | _aსაქართველოს ეკონომიკური პოლიტიკა | ||
| 653 | _aეკონომიკის რეგულირება საქართველოში. | ||
| 942 |
_2udc _cᲬᲘᲒᲜᲘ |
||